Hà Nội phố và chợ Tập phóng sự

Salvato in:
Dettagli Bibliografici
Autore principale: Trần Chiến
Natura: Libro
Lingua:Undetermined
Pubblicazione: Hà Nội Nxb. Hà Nội 1994
Tags: Aggiungi Tag
Nessun Tag, puoi essere il primo ad aggiungerne! !
Thư viện lưu trữ: Trung tâm Học liệu Trường Đại học Cần Thơ
LEADER 00474nam a2200169Ia 4500
001 CTU_32426
008 210402s9999 xx 000 0 und d
082 |a 895.9228 
082 |b Ch305 
100 |a Trần Chiến 
245 0 |a Hà Nội phố và chợ 
245 0 |b Tập phóng sự 
245 0 |c Trần Chiến 
260 |a Hà Nội 
260 |b Nxb. Hà Nội 
260 |c 1994 
980 |a Trung tâm Học liệu Trường Đại học Cần Thơ